000 00310nam a22001457a 4500
008 230418b ||||| |||| 00| 0 eng d
020 _a2900205019129
041 _aeng
080 _a37
082 _a37KRU
100 _a24
101 _aEDU
245 _aARGUMENT AS DIALOGUE
_cKRUEGER.K
942 _2udc
_cBK
999 _c59580
_d59580